000
00226 a2200097 4500
001
31179
100
_a
Grace, Andrew
245
_a
Control system toolbox
260
_a
Natick, MA
_b
The Math works Inc
_c
090
_c
21185
_d
21185
942
_a
NUST-CAE
_c
M
_c
12431
999
_c
266252
_d
266252